Teknik menulis ucapan

Bibliographic Details
Main Author: Jeniri Amir
Format: Book
Published: Pahang : PTS Profesional Publishing , 2005
Series:Siri komunikasi massa
Subjects:

MARC

LEADER 00000cam a2200000 7i4500
001 0000014824
005 20080306.0
008 080306
020 |a 9833376282 
090 0 0 |a 808.5   |b JEN 
100 0 |a Jeniri Amir 
245 1 0 |a Teknik menulis ucapan   |c Jeniri Amir 
260 |a Pahang :   |b PTS Profesional Publishing ,   |c 2005 
440 |a Siri komunikasi massa 
650 0 |a Oral communication   |x Technique 
650 0 |a Public speaking   |x Technique 
650 0 |a Speech writing   |x Technique 
999 |a 0000923562   |b Book   |c Adult Collection   |e Cawangan Bukit Gambir 
999 |a 0000923564   |b Book   |c Adult Collection   |e Cawangan Bukit Gambir 
999 |a 0000938972   |b Book   |c Adult Collection   |e Cawangan Tangkak 
999 |a 0000938973   |b Book   |c Adult Collection   |e Cawangan Tangkak 
999 |a 0000938974   |b Book   |c Adult Collection   |e Cawangan Tangkak 
999 |a 0001016173   |b Book   |c Adult Collection   |e Perbadanan Perpustakaan Awam Johor 
999 |a 0001016175   |b Book   |c Adult Collection   |e Perbadanan Perpustakaan Awam Johor